[Event "Masters"]
[Site "Abu Dhabi UAE"]
[Date "2005.08.22"]
[Round "8"]
[White "Negi,P"]
[Black "Mamedjarova,T"]
[Result "1/2-1/2"]
[WhiteElo "2376"]
[BlackElo "2208"]

1.e4 e5 2.Nf3 Nc6 3.Bb5 a6 4.Ba4 Nf6 5.O-O Nxe4 6.d4 b5 7.Bb3 d5 8.dxe5 Be6
9.Nbd2 Nc5 10.c3 d4 11.cxd4 Nxd4 12.Nxd4 Qxd4 13.Bxe6 Nxe6 14.Qf3 Rd8 15.Qc6+ Qd7
16.Qxa6 Bb4 17.Qb7 Bxd2 18.Rd1 Qd5 19.Qxd5 Rxd5 20.Bxd2 Rxe5 21.f4 Rd5 22.Be3 Rxd1+
23.Rxd1 Nd8 24.Rd3 Nb7 25.Rb3 c6 26.a4 Kd7 27.axb5 c5 28.Ra3 Re8 29.Kf2 Kc7
30.Ra6 Re6 31.f5 Re4 32.f6 g6 33.Bd2 Rd4 34.Bc3 Rd5 35.g4 h5 36.h3 hxg4 37.hxg4 Nd6
38.Ba5+ Kb7 39.Rc6 c4 40.Rc7+ Ka8 41.Kf3 Rxb5 42.Rd7 Rxa5 43.Rxd6 Kb7 44.Rd7+ Kc6
45.Rxf7 Kd6 46.Rb7 Ke6 47.Rb6+ Kf7 48.Kf4 g5+ 49.Ke4 Kg6 50.Kd4 Ra1 51.Kd5 Rg1
52.Kxc4 Rxg4+ 53.Kc5 Rf4 54.b4 g4 55.Rb8 Rxf6 56.Rg8+ Kf5 57.b5 Kf4 58.b6 Rf7  1/2-1/2

[Event "Masters"]
[Site "Abu Dhabi UAE"]
[Date "2005.08.23"]
[Round "9"]
[White "Amanov,M"]
[Black "Negi,P"]
[Result "0-1"]
[WhiteElo "2277"]
[BlackElo "2376"]

1.Nf3 Nf6 2.d4 e6 3.Bg5 Be7 4.c4 b6 5.Nc3 Bb7 6.d5 Nxd5 7.cxd5 Bxg5 8.e4 exd5
9.Nxd5 Be7 10.Bc4 c6 11.Nxe7 Qxe7 12.O-O O-O 13.Re1 d6 14.Nd4 g6 15.Qd2 Nd7
16.Rad1 Rad8 17.Qh6 c5 18.Nf3 Kh8 19.Ng5 f6 20.Ne6 Ne5 21.Nxf8 Rxf8 22.Bd5 Ba6
23.Qe3 c4 24.Qa3 Bb5 25.Qb4 Qd7 26.Qc3 Nd3 27.Re2 Qg4 28.f3 Qg5 29.h4 Qxh4
30.Bxc4 Bxc4 31.Qxc4 Nf4 32.Rc2 Qg3 33.Qf1 Rd8 34.Qe1 Qg5 35.g3 Nh3+ 36.Kf1 Qh5
37.g4 Qb5+ 38.Qe2 Qe5 39.Qh2 Nf4 40.Rc7 h5 41.Qd2 h4 42.Qd4 Qb5+ 43.Rc4 Kg7
44.Kf2 g5 45.Rc7+ Kg6 46.Rc2 h3 47.a4 Qe8 48.Kg3 Qe6 49.Kh2 Qb3 50.Qc3 Qxa4
51.Qc4 Qe8 52.Qd4 Qb5 53.Re1 Qb3 54.Qc3 Qe6 55.Kh1 a5 56.Qc7 Qb3 57.Qc3 Qb5
58.Rd2 a4 59.Rc1 d5 60.Qc2 Kh6 61.Qc6 Qxc6 62.Rxc6 d4 63.Rxf6+ Kg7 64.Rc6 d3
65.Rxb6 Rc8 66.Rd1 Rc2 67.Rb4 Ne2 68.Rb7+ Kf6 69.Rb6+ Ke5 70.f4+ Kxf4 71.Rf6+ Ke3
72.Rh6 Nf4  0-1

[Event "Essent Open"]
[Site "Hoogeveen NED"]
[Date "2005.10.21"]
[Round "1"]
[White "Potze,R"]
[Black "Negi,P"]
[Result "0-1"]
[WhiteElo "2128"]
[BlackElo "2352"]

1.e4 c5 2.c3 d5 3.exd5 Qxd5 4.Nf3 Nf6 5.Na3 Bg4 6.Be2 Nc6 7.h3 Bh5 8.d4 cxd4
9.Nb5 Rc8 10.Nbxd4 Nxd4 11.Qxd4 Qxd4 12.Nxd4 Bxe2 13.Nxe2 e6 14.Be3 a6 15.O-O Bd6
16.Rad1 Ke7 17.Rfe1 Rhd8 18.Bg5 h6 19.Bh4 g5 20.Bg3 Bc5 21.Be5 Nd5 22.Bd4 Bd6
23.g4 f6 24.Kg2 h5 25.gxh5 Rh8 26.Ng3 Kf7 27.Ne4 Be7 28.Ng3 Nf4+ 29.Kf3 Nxh3
30.Be3 f5 31.Rd7 g4+ 32.Kg2 f4 33.Bd4 fxg3 34.Bxh8 gxf2 35.Re4 Rxh8 36.Rxg4 Rxh5
37.Rxb7 Rf5 38.Kf1 Re5  0-1

[Event "Essent Open"]
[Site "Hoogeveen NED"]
[Date "2005.10.24"]
[Round "4"]
[White "Giddins,S"]
[Black "Negi,P"]
[Result "0-1"]
[WhiteElo "2200"]
[BlackElo "2352"]

1.Nf3 d5 2.d4 c6 3.c4 e6 4.Qc2 Bd6 5.g3 Nf6 6.Bg2 O-O 7.O-O Nbd7 8.Nbd2 Re8
9.b3 e5 10.dxe5 Nxe5 11.Bb2 dxc4 12.Nxc4 Nxc4 13.Qxc4 Be6 14.Qd3 Bd5 15.Rad1 Bc7
16.Nd4 Bxg2 17.Kxg2 Qd5+ 18.Qf3 Qa5 19.Nf5 Be5 20.Bxe5 Qxe5 21.Rd2 Nd5 22.Rfd1 Re6
23.Nd4 Rf6 24.Qg4 h5 25.Qd7 Qe4+  0-1

[Event "Essent Open"]
[Site "Hoogeveen NED"]
[Date "2005.10.25"]
[Round "5"]
[White "Negi,P"]
[Black "L'Ami,E"]
[Result "1/2-1/2"]
[WhiteElo "2352"]
[BlackElo "2541"]

1.e4 e5 2.Nf3 Nc6 3.Bb5 Nf6 4.O-O Nxe4 5.d4 Nd6 6.Ba4 e4 7.Re1 Be7 8.Ne5 O-O
9.Nc3 Nf5 10.Rxe4 Nxe5 11.dxe5 d6 12.exd6 Bxd6 13.Bb3 Bd7 14.Bf4 Bc6 15.Nd5 Bxf4
16.Rxf4 Bxd5 17.Rxf5 Bxb3 18.axb3 Qxd1+ 19.Rxd1 Rfd8 20.Rfd5 Rxd5 21.Rxd5 Kf8
22.Rd7 Rc8 23.Kf1 Ke8 24.Rd3 Rd8 25.Ke2 Rxd3 26.Kxd3 Kd7 27.b4 Kd6 28.Kd4 Kc6
29.Kc4 a6 30.b3 Kb6 31.Kd4 Kb5 32.c3 b6 33.Kd5 c6+ 34.Kd6 a5 35.bxa5 bxa5
36.Ke5 Kc5  1/2-1/2

[Event "Essent Open"]
[Site "Hoogeveen NED"]
[Date "2005.10.26"]
[Round "6"]
[White "Rooda,K"]
[Black "Negi,P"]
[Result "0-1"]
[WhiteElo "2132"]
[BlackElo "2352"]

1.d4 Nf6 2.Nf3 e6 3.c4 b6 4.Nc3 Bb7 5.Qc2 d5 6.e3 a6 7.a3 Nbd7 8.cxd5 exd5
9.Bd3 Bd6 10.O-O O-O 11.Re1 Re8 12.e4 dxe4 13.Nxe4 Nxe4 14.Bxe4 Bxe4 15.Rxe4 Rxe4
16.Qxe4 Nf6 17.Qf5 Qc8 18.Qd3 Qd7 19.Bg5 Nd5 20.Re1 h6 21.Bd2 Qb5 22.Qf5 Rd8
23.g3 Nf6 24.Qxb5 axb5 25.Kf1 Nd5 26.Ne5 Ne7 27.Bc3 f6 28.Nf3 Nd5 29.Bd2 Kf7
30.Re2 Ra8 31.Ne1 h5 32.Nc2 Ra4 33.Kg2 Ne7 34.Bb4 Bxb4 35.Nxb4 Ra8 36.Rc2 Rc8
37.Kf3 Ke6 38.Ke4 Kd6 39.Kd3 h4 40.Ke4 Re8 41.Kf3 hxg3 42.hxg3 Rh8 43.Rc1 Nf5
44.Ke4 Ne7 45.Kf3 f5 46.Kf4 Rh5 47.Kf3 g5 48.Re1 Rh2 49.Rc1 Rh6 50.Re1 Kd7
51.Re5 c6 52.g4 Ng6 53.gxf5 Nxe5+ 54.dxe5 Rh4 55.Nd3 c5 56.Ke3 c4 57.Nb4 Rf4
58.f6 Rf5 59.Ke4 Rxf2 60.Nd5 Ke6 61.Nc7+ Kf7 62.Nxb5 g4 63.Nd6+ Ke6 64.Ke3 Rf3+
65.Ke4 Rf1 66.Nxc4 g3 67.Ne3 Rf2 68.f7 Kxf7 69.b4 g2 70.Nxg2 Rxg2 71.Kd5 Ra2
72.Kc6 Rxa3 73.Kxb6 Ke6 74.b5 Kxe5 75.Kc7 Rc3+ 76.Kd7 Rb3 77.Kc6 Ke6 78.b6 Rc3+
79.Kb5 Kd7 80.Ka6 Kc8 81.b7+ Kb8 82.Kb6 Rb3+  0-1

[Event "Essent Open"]
[Site "Hoogeveen NED"]
[Date "2005.10.28"]
[Round "8"]
[White "Vul,A"]
[Black "Negi,P"]
[Result "1/2-1/2"]
[WhiteElo "2423"]
[BlackElo "2352"]

1.Nf3 Nf6 2.c4 b6 3.g3 Bb7 4.Bg2 e6 5.O-O Be7 6.Nc3 O-O 7.d4 Ne4 8.Qc2 Nxc3
9.Qxc3 c5 10.Rd1 Bf6 11.Qc2 Nc6 12.dxc5 bxc5 13.Bf4 Re8 14.Qb3 Qc8 15.Ne5 Bxe5
16.Bxe5 d5 17.f4 Nxe5 18.fxe5 Rb8 19.cxd5 Bxd5 20.Qc3 Bxg2 21.Kxg2 Qb7+ 22.Kf2 Qxb2
23.Qxb2 Rxb2 24.Rd7 h5 25.a4 a5 26.Rc7 Rc2 27.Rb1 Rc4 28.Rbb7 Rf8 29.Ra7 Rxa4
30.Rxc5 Kh7 31.Raxa5 Rxa5 32.Rxa5 Kg6 33.h4 Kf5 34.Kf3 g5 35.hxg5 Kxg5 36.Ra4 Rb8
37.Rf4 Rb3+ 38.e3 Kg6 39.Rf6+ Kg7 40.Kf4 Rb4+ 41.Kf3 Rg4 42.Rf4 Rg5 43.Re4 Kh6
44.Rf4 Kg6 45.Re4 Rf5+ 46.Kg2 Kg5 47.Kg1 Rf3 48.Kg2 Rf5 49.Kg1 Kg6 50.Kg2 Kh6
51.Kg1 Rg5 52.Kf2 Kg6 53.Kf3 Rf5+ 54.Kg2 Kg5  1/2-1/2

[Event "Essent Open"]
[Site "Hoogeveen NED"]
[Date "2005.10.29"]
[Round "9"]
[White "Negi,P"]
[Black "Bitalzadeh,A"]
[Result "1-0"]
[WhiteElo "2352"]
[BlackElo "2267"]

1.e4 c5 2.Nf3 d6 3.d4 cxd4 4.Nxd4 Nf6 5.Nc3 Nc6 6.Bg5 e6 7.Qd2 Be7 8.O-O-O Nxd4
9.Qxd4 O-O 10.f4 Qa5 11.Bc4 Bd7 12.e5 dxe5 13.fxe5 Bc6 14.Bd2 Nd7 15.Nd5 Qc5
16.Nxe7+ Qxe7 17.Rhe1 Nb6 18.Bd3 Rfd8 19.Qe3 Qh4 20.Rf1 Nc4 21.Qg5 Qd4 22.Bxc4 Qxc4
23.b3 Qd4 24.Bc3 Qb6 25.Rd6 Rf8 26.Kb2 a5 27.a4 Qc7 28.Rd3 Be4 29.Re3 Bg6
30.h4 Qd8 31.Qf4 h5 32.Rh1 Qd5 33.Rg1 b5 34.axb5 a4 35.bxa4 Rfc8 36.Ra1 Qxg2
37.Rc1 Qd5 38.Qd4 Qxd4 39.Bxd4 Rxa4 40.c3 Rca8 41.b6 Kf8 42.c4 Ke8 43.Rb3 Kd7
44.Be3 Kc6 45.Rd1 Ra2+ 46.Kc3 Rc2+ 47.Kb4 Rca2 48.Rd6+ Kb7 49.Rd7+ Kc8 50.Rc7+ Kb8
51.Bc5 R8a4+ 52.Kb5 Ra5+ 53.Kc6 Rd2 54.Bd6 Be4+ 55.Kd7 Bc2 56.Rc8+ Kb7 57.Rb8+ Ka6
58.Ra8+ Kb7 59.Rxa5 Bxb3 60.c5 Ra2 61.c6+ Kxb6 62.Bc7+  1-0

[Event "WJun"]
[Site "Instanbul TUR"]
[Date "2005.11.11"]
[Round "3"]
[White "Negi,P"]
[Black "Yagiz,Y"]
[Result "0-1"]
[WhiteElo "2352"]
[BlackElo "2206"]

1.e4 e5 2.Nf3 Nc6 3.Bb5 a6 4.Ba4 d6 5.O-O Bd7 6.c3 Nge7 7.d4 Ng6 8.Be3 Be7
9.c4 exd4 10.Nxd4 Nce5 11.Bxd7+ Qxd7 12.Nf5 Bf6 13.Bd4 Ne7 14.Ne3 Qc6 15.Nc3 O-O
16.f4 Nd7 17.Ncd5 Rae8 18.Bxf6 Nxd5 19.exd5 Qb6 20.Bd4 Nc5 21.Nf5 f6 22.Re1 g6
23.Nh6+ Kg7 24.Ng4 Rxe1+ 25.Qxe1  0-1

[Event "WJun"]
[Site "Instanbul TUR"]
[Date "2005.11.12"]
[Round "4"]
[White "Bartel,Mat"]
[Black "Negi,P"]
[Result "1/2-1/2"]
[WhiteElo "2513"]
[BlackElo "2352"]

1.e4 c5 2.Nf3 d6 3.d4 cxd4 4.Nxd4 Nf6 5.Nc3 a6 6.a4 e5 7.Nf3 h6 8.Bc4 Be6
9.Bxe6 fxe6 10.Nh4 Nc6 11.Ng6 Rg8 12.f4 Kf7 13.Nxf8 Rxf8 14.Be3 Kg8 15.Qe2 b5
16.O-O b4 17.Na2 a5 18.f5 d5 19.fxe6  1/2-1/2

[Event "WJun"]
[Site "Instanbul TUR"]
[Date "2005.11.13"]
[Round "5"]
[White "Negi,P"]
[Black "Zhigalko,A"]
[Result "1/2-1/2"]
[WhiteElo "2352"]
[BlackElo "2537"]

1.e4 e5 2.Nf3 Nc6 3.Bb5 a6 4.Ba4 Nf6 5.O-O Be7 6.Re1 b5 7.Bb3 d6 8.c3 O-O
9.d4 Bg4 10.d5 Na5 11.Bc2 c6 12.h3 Bc8 13.dxc6 Qc7 14.Nbd2 Qxc6 15.Nf1 Nc4
16.Ng3 Re8 17.Bd3 Be6 18.Qe2 h6 19.Nh2 Nb6 20.Ng4 Nbd7 21.Qf3 Nxg4 22.hxg4 Bg5
23.Nf5 Rad8 24.Rd1 Nc5 25.Be3 d5 26.Bxc5 Qxc5 27.exd5 Bxd5 28.Be4 Be6 29.a4 b4
30.Rd3 g6 31.Ng3 Rxd3 32.Qxd3 bxc3 33.Qxc3 Qxc3 34.bxc3 Bxg4 35.a5 Bd2 36.c4 Be6
37.Ra2 Bb4 38.Bb7 Bc8 39.Bd5 Kf8 40.Ne4 f5 41.Rb2 Be7 42.Nc3 Bc5 43.Na4 Bd4
44.Rb6 Bd7 45.Rf6+ Ke7 46.Rf7+ Kd6 47.Nb6 Bxb6 48.axb6 a5 49.Rf6+ Kc5 50.b7 Bb5
51.Rf7 Ba6 52.Rf6 Bxb7 53.Bxb7 Kxc4 54.Rxg6 Re7 55.Bc8 f4 56.Rxh6 a4 57.Ra6 Kb4
58.g4 fxg3 59.fxg3 a3 60.Be6 Kb5 61.Rd6 Kc5 62.Ra6 Kb5 63.Rd6 Kc5 64.Rd5+ Kc6
65.Rxe5 Kd6 66.Ra5 Kxe6 67.Rxa3 Kf5 68.Kf2 Rb7 69.Ra5+ Kg4 70.Ra4+ Kg5 71.Kg2 Rb1
72.Ra8 Kg4 73.Rg8+ Kf5 74.Kh3 Rh1+ 75.Kg2 Rb1 76.Kf3 Rb3+  1/2-1/2

[Event "WJun"]
[Site "Instanbul TUR"]
[Date "2005.11.14"]
[Round "6"]
[White "Sanikidze,T"]
[Black "Negi,P"]
[Result "1-0"]
[WhiteElo "2411"]
[BlackElo "2352"]

1.d4 Nf6 2.c4 g6 3.Nc3 d5 4.Nf3 Bg7 5.Qb3 dxc4 6.Qxc4 O-O 7.Bf4 Na6 8.e4 c5
9.dxc5 Qa5 10.e5 Nd7 11.a3 Qxc5 12.Qe4 Nb6 13.Rc1 Qc6 14.Qe3 Qe8 15.Bh6 Nc7
16.h4 f6 17.Bxg7 Kxg7 18.h5 g5 19.h6+ Kh8 20.Bd3 Ne6 21.g3 Bd7 22.Bf5 Qf7
23.Rd1 Rad8 24.O-O Nc4 25.Qe2 Nxe5 26.Nxe5 fxe5 27.Qxe5+ Qf6 28.Rfe1 Nc5
29.Bxd7 Nxd7 30.Qxf6+ exf6 31.Re7 Ne5 32.Rxd8 Rxd8 33.Ne4 Ng4 34.f3 f5 35.Nxg5 Rd1+
36.Kg2 Rd2+ 37.Kf1 Nxh6 38.Rxh7+ Kg8 39.Rxh6 Kg7 40.Rh7+ Kg6 41.f4 Rxb2 42.a4 Rb4
43.Kg2 a5 44.Rd7 b6 45.Rd6+ Kg7 46.Nf3  1-0

[Event "WJun"]
[Site "Instanbul TUR"]
[Date "2005.11.16"]
[Round "7"]
[White "Negi,P"]
[Black "Papin,V"]
[Result "1/2-1/2"]
[WhiteElo "2352"]
[BlackElo "2425"]

1.e4 c5 2.Nf3 d6 3.d4 cxd4 4.Nxd4 Nf6 5.Nc3 g6 6.Be3 Bg7 7.f3 O-O 8.Qd2 Nc6
9.Bc4 Bd7 10.O-O-O Rc8 11.Bb3 Ne5 12.Kb1 Re8 13.h4 h5 14.Bh6 Nc4 15.Bxc4 Rxc4
16.Bxg7 Kxg7 17.g4 hxg4 18.h5 Rh8 19.hxg6 fxg6 20.f4 Rxh1 21.Rxh1 Kf7 22.Qd3 Rc5
23.e5 dxe5 24.Nb3 Rc8 25.fxe5 Bc6 26.Rf1 Qxd3 27.cxd3 Rd8 28.exf6 exf6 29.d4 g3
30.Rg1 g2 31.Kc2 f5 32.d5 Bxd5 33.Nxd5 Rxd5 34.Rxg2 Kf6 35.Rd2 Rxd2+ 36.Kxd2 f4
37.Kd3 Kf5 38.Na5 b6 39.Nc6 Kg4 40.Ke4 Kg3 41.Ne5 g5 42.Nd3 Kg4 43.b4 b5
44.Ne5+ Kg3 45.Nd3 Kg4 46.Ne5+ Kg3 47.a3 a6 48.Nd3 Kg4 49.Ne5+  1/2-1/2

[Event "WJun"]
[Site "Instanbul TUR"]
[Date "2005.11.17"]
[Round "8"]
[White "Kurnosov,I"]
[Black "Negi,P"]
[Result "1/2-1/2"]
[WhiteElo "2523"]
[BlackElo "2352"]

1.e4 c5 2.Ne2 e5 3.Nec3 Nf6 4.Bc4 d6 5.O-O Be6 6.d3 Nc6 7.Nd5 Be7 8.Nbc3 O-O
9.f4 exf4 10.Bxf4 Nd7 11.Nxe7+ Qxe7 12.Nd5 Bxd5 13.Bxd5 Nb6 14.Qh5 Nxd5 15.Qxd5 Ne5
16.b4 b6 17.Rab1 Rab8 18.Rb2 Rfe8 19.bxc5 bxc5 20.Rfb1 Rxb2 21.Rxb2 Qh4 22.Bg3 Qg5
23.Rb1 h5 24.Qxd6 h4 25.Bxe5 Rxe5 26.h3 f6 27.Kh1 Qd2 28.c4  1/2-1/2

[Event "WJun"]
[Site "Instanbul TUR"]
[Date "2005.11.18"]
[Round "9"]
[White "Negi,P"]
[Black "Sulashvili,M"]
[Result "0-1"]
[WhiteElo "2352"]
[BlackElo "2386"]

1.e4 c6 2.d4 d5 3.Nc3 dxe4 4.Nxe4 Bf5 5.Ng3 Bg6 6.Bc4 e6 7.N1e2 Bb4+ 8.c3 Bd6
9.Nf4 Nf6 10.Qf3 O-O 11.Nxg6 hxg6 12.Bg5 Nbd7 13.h4 Qa5 14.O-O-O Bxg3 15.Qxg3 Rfe8
16.f3 b5 17.Bb3 b4 18.c4 c5 19.Kb1 cxd4 20.Rxd4 Nc5 21.Bc2 e5 22.Rd6 Qc7
23.Rhd1 Re6 24.Rxe6 Nxe6 25.b3 a5 26.Bc1 Qc5 27.Bb2 Nd4 28.Qf2 Nxb3 29.Qxc5 Nxc5
30.Bxe5 Rc8 31.Rd6 Ncd7 32.Bd4 Kf8 33.Bb3 Nc5 34.Bxf6 gxf6 35.Rxf6 a4 36.Bd1 Ne6
37.g4 Ke7 38.g5 Rxc4 39.Bxa4 Rxh4 40.Bb3 Nxg5 41.Rb6 Rf4 42.Bd5 Nxf3 43.Bxf3 Rxf3
44.Rxb4 Ra3 45.Kb2 Ra6 46.a4 f5 47.Kc3 g5 48.Rb5 Kf6 49.a5 Ra7 50.Kd4 g4
51.Ke3 Kg5 52.Kf2 Rh7 53.Kg2 Rh3 54.Kf2 Ra3 55.Kg2 Rc3 56.Kf2 g3+ 57.Ke2 Kg4
58.Rb8 Rc2+ 59.Kf1 Ra2 60.Ra8 f4 61.Kg1 f3  0-1

[Event "WJun"]
[Site "Instanbul TUR"]
[Date "2005.11.21"]
[Round "12"]
[White "El Debs,F"]
[Black "Negi,P"]
[Result "1/2-1/2"]
[WhiteElo "2341"]
[BlackElo "2352"]

1.e4 c5 2.Nc3 e6 3.g3 d5 4.exd5 exd5 5.Bg2 d4 6.Nd5 Bd6 7.Ne2 Ne7 8.Nef4 Nxd5
9.Nxd5 O-O 10.O-O Nc6 11.d3 Be6 12.Qh5 Ne5 13.h3 Ng6 14.Bd2 Be5 15.Nf4 Bxf4
16.Bxf4 Nxf4 17.gxf4 Qd7 18.b3 Rae8 19.a4 b6 20.Rfe1 f6 21.Kf1 Re7 22.Re2 Rfe8
23.Rae1 Bf7 24.Rxe7 Rxe7 25.Rxe7 Qxe7 26.Bd5 g6  1/2-1/2

[Event "WJun"]
[Site "Instanbul TUR"]
[Date "2005.11.22"]
[Round "13"]
[White "Negi,P"]
[Black "Barnaure,V"]
[Result "1/2-1/2"]
[WhiteElo "2352"]
[BlackElo "2454"]

1.e4 g6 2.d4 Bg7 3.Nc3 c6 4.Bc4 d6 5.Qf3 e6 6.Nge2 b5 7.Bb3 b4 8.Nd1 Ba6
9.c3 Nd7 10.Be3 bxc3 11.Ndxc3 Ne7 12.O-O O-O 13.Qg3 d5 14.Qh4 Bf6 15.Qg4 Bg7
16.Bg5 h6 17.Bxe7 Qxe7 18.Rfe1 Nf6 19.Qf3 dxe4 20.Nxe4 Nxe4 21.Qxe4 Rfd8
22.Qxc6 Bxe2 23.Rxe2 Bxd4 24.Qf3 Rac8 25.Rd2 Kg7 26.Rad1 e5 27.Qe2 Rd6 28.Kh1 Rcd8
29.Qc4 R8d7 30.Rc1 Bb6 31.Rxd6 Rxd6 32.Qe2 Qg5 33.Rd1 Rxd1+ 34.Bxd1 Bd4 35.b4 Qc1
36.g3 Bxf2 37.Qxe5+ Kh7 38.Qe2 Bd4 39.Kg2 Kg7 40.b5 Bb6  1/2-1/2

[Event "Masters"]
[Site "Hastings ENG"]
[Date "2005.12.28"]
[Round "1"]
[White "Norregaard,Cl"]
[Black "Negi,P"]
[Result "0-1"]
[WhiteElo "2205"]
[BlackElo "2352"]

1.d4 Nf6 2.c4 e6 3.g3 d5 4.Bg2 c6 5.Nf3 Bd6 6.O-O O-O 7.b3 Ne4 8.Ba3 Bxa3
9.Nxa3 Qe7 10.Nc2 b6 11.Nce1 Ba6 12.Qc2 Nd7 13.Nd3 f6 14.Nd2 f5 15.Nf3 Rac8
16.Nfe5 Nxe5 17.Nxe5 c5 18.dxc5 Rxc5 19.Rfd1 dxc4 20.Nd7 cxb3 21.Qxb3 Rb5
22.Qa4 Ra5 23.Qd4 Rd5 24.Qa4 Bb5 25.Qxa7 Qxd7 26.Qxd7 Rxd7  0-1

[Event "Masters"]
[Site "Hastings ENG"]
[Date "2005.12.30"]
[Round "3"]
[White "Le Roux,JP"]
[Black "Negi,P"]
[Result "1/2-1/2"]
[WhiteElo "2497"]
[BlackElo "2352"]

1.e4 c5 2.c3 d5 3.exd5 Qxd5 4.d4 Nf6 5.Nf3 Bg4 6.Be2 e6 7.h3 Bh5 8.O-O Nc6
9.Qa4 Rd8 10.Rd1 cxd4 11.Rxd4 Qa5 12.Rxd8+ Kxd8 13.Qb3 Kc8 14.Nbd2 Bc5 15.Qc4 Qb6
16.Qh4 h6 17.b4 Be7 18.Nc4 Qc7 19.b5 g5 20.Qg3 Qxg3 21.fxg3 Bc5+ 22.Be3 Bxe3+
23.Nxe3 Bxf3 24.Bxf3 Ne5 25.Rf1 Nfd7 26.Bh5 Rf8 27.Nc2 Kd8 28.Nd4 Ke7 29.Bf3 b6
30.a4 Rc8 31.Bc6 Nb8 32.Re1 Nexc6 33.bxc6 Kf8 34.c7 Nd7 35.Rf1 Nc5 36.Nb5 a6
37.Rxf7+ Kxf7 38.Nd6+ Ke7 39.Nxc8+ Kd7 40.Nxb6+ Kxc7 41.a5 Kc6 42.Kf2 Nb3
43.Nc4 Kc5 44.Ne5 Nxa5 45.Ke2 Nc4 46.Nf7 a5 47.Kd1 Ne3+ 48.Kc1 Nxg2 49.Nxh6 Ne1
50.Ng4 Kc4 51.Kb2 Nd3+ 52.Kc2 Ne1+ 53.Kb2 Nd3+  1/2-1/2

[Event "Masters"]
[Site "Hastings ENG"]
[Date "2005.12.31"]
[Round "4"]
[White "Negi,P"]
[Black "Erenburg,S"]
[Result "1-0"]
[WhiteElo "2352"]
[BlackElo "2582"]

1.e4 c6 2.d4 d5 3.Nc3 dxe4 4.Nxe4 Bf5 5.Ng3 Bg6 6.Bc4 e6 7.N1e2 Bd6 8.h4 h6
9.Nf4 Bxf4 10.Bxf4 Nf6 11.Qe2 Nbd7 12.h5 Bh7 13.O-O-O Nd5 14.Bd2 N7f6 15.Bd3 Bxd3
16.Qxd3 Qc7 17.Qa3 Qe7 18.Qxe7+ Nxe7 19.f3 O-O-O 20.c3 Rd5 21.Ne4 Rxh5 22.Nd6+ Kc7
23.Nxf7 Rxh1 24.Rxh1 Rf8 25.Ne5 Nd7 26.Nd3 Rf6 27.Re1 Ng6 28.Re4 b5 29.Be1 Ne7
30.Bg3+ Kd8 31.Be5 Rf7 32.Bd6 Nf5 33.Rxe6 Nxd6 34.Rxd6 Rf6 35.Rxf6 Nxf6 36.b3 Ke7
37.c4 Kd6 38.Kd2 Nd7 39.Ke3 a5 40.Ke4 bxc4 41.bxc4 Ke6 42.Ne5 Nf6+ 43.Kd3 Kd6
44.c5+ Kc7 45.Nc4 Nd5 46.Ke4 Nc3+ 47.Kf5 a4 48.a3 Nb5 49.Ke5 Kd7 50.Nb6+ Ke7
51.d5 cxd5 52.Kxd5 Nxa3 53.Kc6 Ke6 54.Nxa4 Nc2 55.Kb7 Nd4 56.c6 Ke5 57.c7 Nb5
58.Nc3 Nxc7 59.Kxc7 Kf4 60.Ne4 h5 61.Kd6 g5 62.Nxg5 Kxg5 63.Ke5 Kh4 64.f4 Kg3
65.f5 Kxg2 66.f6 h4 67.f7 h3 68.f8=Q h2 69.Qa8+ Kg1 70.Qa1+ Kg2 71.Qb2+ Kg1
72.Kf4 h1=Q 73.Kg3  1-0

[Event "Masters"]
[Site "Hastings ENG"]
[Date "2006.01.01"]
[Round "5"]
[White "Negi,P"]
[Black "Pavlovic,Milo"]
[Result "1/2-1/2"]
[WhiteElo "2352"]
[BlackElo "2507"]

1.e4 c5 2.Nf3 d6 3.d4 cxd4 4.Nxd4 Nf6 5.Nc3 e6 6.g4 h6 7.g5 hxg5 8.Bxg5 Nc6
9.Qd2 Qb6 10.Nb3 Bd7 11.O-O-O a6 12.h4 Qc7 13.Be2 b5 14.a3 Ne5 15.h5 Nc4
16.Qd4 e5 17.Qd3 Be7 18.Nd2 Nb6 19.Nf1 Be6 20.Bxf6 Bxf6 21.Qxd6 Qxd6 22.Rxd6 Bg5+
23.Kb1 Nc4 24.Rd1 Rc8 25.Rg1 f6 26.Nd5 Kf7 27.Nfe3 Nxe3 28.Nxe3 Rcd8 29.Rxd8 Rxd8
30.Rd1 Rxd1+ 31.Nxd1 Ke7 32.Ne3 Kd6 33.Kc1 Bh4 34.Nf5+ Bxf5 35.exf5 Bxf2
36.Bf3 a5  1/2-1/2

[Event "Masters"]
[Site "Hastings ENG"]
[Date "2006.01.03"]
[Round "7"]
[White "McNab,C"]
[Black "Negi,P"]
[Result "1/2-1/2"]
[WhiteElo "2456"]
[BlackElo "2352"]

1.c4 Nf6 2.Nf3 g6 3.g3 Bg7 4.Bg2 d5 5.cxd5 Nxd5 6.d4 Nb6 7.Nc3 Nc6 8.e3 e5
9.d5 Nb4 10.e4 c6 11.a3 Na6 12.Bg5 f6 13.Be3 cxd5 14.Nxd5 Nxd5 15.exd5 O-O
16.O-O f5 17.Qb3 Qd6 18.Rfd1 f4 19.gxf4 exf4 20.Bd4 Bxd4 21.Rxd4 Nc5 22.Qc3 Bg4
23.Rc1 Rac8 24.Rc4 Ne4 25.Qd3 Rxc4 26.Rxc4 Bxf3 27.Bxf3 Ng5 28.Rd4 Qe5 29.Bg4 Qe1+
30.Qf1 Qe5 31.Qd3 Qe1+ 32.Qf1  1/2-1/2

[Event "Masters"]
[Site "Hastings ENG"]
[Date "2006.01.04"]
[Round "8"]
[White "Negi,P"]
[Black "Lalic,B"]
[Result "1-0"]
[WhiteElo "2352"]
[BlackElo "2490"]

1.e4 c5 2.Nf3 d6 3.d4 cxd4 4.Nxd4 Nf6 5.Nc3 Nc6 6.Bg5 Bd7 7.Qd2 Rc8 8.f4 Nxd4
9.Qxd4 Qa5 10.O-O-O Rxc3 11.bxc3 e5 12.Qb4 Qxb4 13.cxb4 Nxe4 14.Bc4 b5 15.Bd5 Nxg5
16.fxg5 Be7 17.h4 h6 18.Rhf1 f5 19.gxf6 Bxf6 20.Rd3 Rf8 21.Kb1 Bxh4 22.Rxf8+ Kxf8
23.Ra3 Be1 24.Rxa7 Be8 25.a3 h5 26.Rb7 h4 27.a4 bxa4 28.b5 g5 29.Rb8 Ke7
30.b6  1-0

[Event "Masters"]
[Site "Hastings ENG"]
[Date "2006.01.06"]
[Round "10"]
[White "Belov,Vl"]
[Black "Negi,P"]
[Result "1-0"]
[WhiteElo "2620"]
[BlackElo "2352"]

1.c4 Nf6 2.Nc3 e6 3.Nf3 c5 4.e3 d5 5.d4 Nc6 6.cxd5 Nxd5 7.Bd3 Nxc3 8.bxc3 Bd6
9.O-O O-O 10.Bb2 e5 11.d5 Ne7 12.c4 Qc7 13.e4 Ng6 14.g3 Bg4 15.Re1 Rae8 16.Be2 Qd7
17.Nd2 Bxe2 18.Qxe2 Qh3 19.a4 a5 20.Ra3 b6 21.Rb3 Rb8 22.Rb1 Qd7 23.Bc3 Bc7
24.Rb5 Ne7 25.Nb3 Qd6 26.Nc1 Rbe8 27.Nd3 Nc8 28.Qg4 Qd8 29.f4 f6 30.fxe5 fxe5
31.Nf4 Rf6 32.Ne6 Rfxe6 33.dxe6 Qd3 34.e7 Nxe7 35.Bxe5 Qe3+ 36.Kg2 Qd2+ 37.Kh1 Bxe5
38.Qe6+ Kh8 39.Qxe5 Qe2 40.R5b2 Qf3+ 41.Kg1 Qe3+ 42.Kg2 Rf8 43.Qxe7 Qf3+
44.Kg1  1-0

[Event "4th Parsvnath Open"]
[Site "New Delhi IND"]
[Date "2006.01.15"]
[Round "1"]
[White "Santhosbaala,R"]
[Black "Negi,P"]
[Result "0-1"]
[WhiteElo "1971"]
[BlackElo "2396"]

1.e4 c5 2.Nc3 d6 3.g3 Nc6 4.Bg2 g6 5.d3 Bg7 6.Be3 Nf6 7.h3 e5 8.Qd2 Be6 9.Nge2 Nd4
10.f4 h5 11.Ng1 Qb6 12.Nd1 Qa6 13.Nf3 Nxf3+ 14.Bxf3 h4 15.g4 exf4 16.Bxf4 d5
17.g5 Nh5 18.exd5 Nxf4 19.Qxf4 Bd7 20.Be4 O-O 21.O-O f5 22.Bf3 Rae8 23.Kg2 Be5
24.Qxh4 Rf7 25.Qc4 Qd6 26.c3 Rh7 27.Rh1 b5 28.Qb3 Rh4 29.Nf2 Bg3 30.Qc2 Re3
31.Rae1 Rxf3 32.Kxf3 Qxd5+ 33.Kxg3 f4+ 34.Kxh4 Qf3 35.Qb3+ c4  0-1

[Event "4th Parsvnath Open"]
[Site "New Delhi IND"]
[Date "2006.01.15"]
[Round "2"]
[White "Negi,P"]
[Black "Soumya,S"]
[Result "1-0"]
[WhiteElo "2396"]
[BlackElo "2156"]

1.e4 c5 2.Nf3 d6 3.d4 cxd4 4.Nxd4 Nf6 5.Nc3 a6 6.Bc4 e6 7.Bb3 b5 8.O-O Nbd7
9.Bg5 Qb6 10.Re1 Be7 11.Qd2 O-O 12.a4 b4 13.Na2 h6 14.Bh4 a5 15.Rad1 Nc5
16.Bxf6 Bxf6 17.Nb5 Bxb2 18.Nxd6 Ba6 19.e5 Rad8 20.Qe3 Qc6 21.f4 f6 22.f5 Nxb3
23.fxe6 Bxe5 24.e7 Rxd6 25.Rxd6 Bxd6 26.Qe6+ Kh7 27.exf8=N+ Kh8 28.Ng6+ Kh7
29.Nf8+ Kh8 30.Ng6+ Kh7 31.cxb3 Kxg6 32.Qe8+ Qxe8 33.Rxe8 Bc5+ 34.Kh1 Bb7
35.Rb8 Be4 36.Rb5 Bd6 37.Rxa5 Bb1 38.Rd5 Be7 39.Nc1 Be4 40.Rd4 f5 41.Nd3 Bf6
42.Rd6  1-0

[Event "4th Parsvnath Open"]
[Site "New Delhi IND"]
[Date "2006.01.16"]
[Round "3"]
[White "Narayanan,S"]
[Black "Negi,P"]
[Result "0-1"]
[WhiteElo "2160"]
[BlackElo "2396"]

1.e4 c5 2.Nf3 e6 3.d4 cxd4 4.Nxd4 a6 5.Bd3 Qc7 6.O-O Nf6 7.Nc3 b5 8.f4 Bc5
9.Be3 Qb6 10.Be2 Nc6 11.Ncxb5 axb5 12.c3 Nxe4 13.Kh1 Bb7 14.Bxb5 Bxd4 15.Bxc6 Qxc6
16.Qe2 Ng3+ 17.hxg3 Bxe3 18.Rf3 Bb6 19.f5 f6 20.Rd3 h5 21.fxe6 dxe6 22.Re1 e5
23.Kh2 Rd8 24.Rxd8+ Bxd8 25.Rd1 h4 26.g4 h3 27.gxh3 Bc7 28.Kg1 Rxh3  0-1

[Event "4th Parsvnath Open"]
[Site "New Delhi IND"]
[Date "2006.01.17"]
[Round "4"]
[White "Negi,P"]
[Black "Rahman,Zia"]
[Result "1-0"]
[WhiteElo "2396"]
[BlackElo "2557"]

1.e4 g6 2.d4 Bg7 3.Nc3 c6 4.Be3 d6 5.Nf3 Nf6 6.Be2 O-O 7.a4 Nbd7 8.O-O Qc7
9.Nd2 e5 10.dxe5 Nxe5 11.h3 Rd8 12.f4 Ned7 13.f5 Ne5 14.fxg6 fxg6 15.Bg5 Qe7
16.Nc4 h6 17.Bh4 g5 18.Bg3 Nxc4 19.Bxc4+ d5 20.e5 Nh7 21.Bd3 Nf8 22.Qh5 Be6
23.Rf2 Qe8 24.Qe2 Nd7 25.Ne4 dxe4 26.Qxe4 Nf8 27.Rxf8+ Kxf8 28.Rf1+ Bf7 29.e6 Rd4
30.Qf5 Rf4 31.Bxf4 Qxe6 32.Qxe6 Bxe6 33.Bxg5+ Kg8 34.Bf6 Bf7 35.Bxg7 Kxg7
36.Rf4 Rd8 37.Kf2 b6 38.g4 c5 39.Ke3 Bd5 40.b3 Bg2 41.h4 Bd5 42.Bc4 Bxc4
43.Rxc4 Rd1 44.Rf4 Kg6 45.Rf5 Rg1 46.h5+ Kg7 47.Rf4 Rg3+ 48.Ke4 Rg2 49.Kd3 Rg3+
50.Kc4 Rg2 51.c3 Rc2 52.Rf3 Rg2 53.Kb5 Rb2 54.c4 Rd2 55.Ka6 Rd7 56.a5 bxa5
57.Kxa5 Rd4 58.Kb5 Rxg4 59.Kxc5 Rg5+ 60.Kd6 Rxh5 61.c5 Rh1 62.c6 Rc1 63.Kc7 h5
64.Kb7  1-0

[Event "4th Parsvnath Open"]
[Site "New Delhi IND"]
[Date "2006.01.17"]
[Round "5"]
[White "Negi,P"]
[Black "Dzhumaev,M"]
[Result "0-1"]
[WhiteElo "2396"]
[BlackElo "2516"]

1.e4 g6 2.d4 Bg7 3.Nc3 c6 4.Nf3 d6 5.a4 Nf6 6.Be2 O-O 7.O-O Nbd7 8.Be3 d5
9.e5 Ng4 10.Bf4 e6 11.Qd2 c5 12.h3 cxd4 13.hxg4 dxc3 14.Qxc3 f6 15.exf6 Bxf6
16.Ne5 b6 17.Bg3 d4 18.Qxd4 Nxe5 19.Qe4 Qd5 20.Qb4 Nc6 21.Qe1 e5 22.Rd1 Qc5
23.Bd3 Be6 24.Qe4 Rf7 25.c3 a5 26.Bc2 Qc4 27.Qe3 Qxg4 28.Rd6 Be7 29.f3 Qxg3
30.Rxe6 Qf4  0-1